|
|
|
|
| LEADER |
00661nam a22002172a 4500 |
| 001 |
000189366 |
| 003 |
CZ BrMZK |
| 005 |
19970103143423.0 |
| 008 |
970103s1990 xr f cze d |
| 015 |
|
|
|a cnb000056691
|
| 020 |
|
|
|a 80-02-00467-1
|
| 035 |
|
|
|a (OCoLC)39425691
|
| 040 |
|
|
|a BOA001
|b cze
|
| 080 |
|
|
|a 001.81
|2 MRF
|
| 100 |
1 |
|
|a Pfeifer, Luděk
|7 ola2009531521
|
| 245 |
1 |
0 |
|a Techniky duševní práce /
|c Luděk Pfeifer.
|
| 260 |
|
|
|a České Budějovice :
|b Dům techniky ČSVTS,
|c 1990
|
| 300 |
|
|
|a 117 s.
|
| 910 |
|
|
|a BOA001
|b TK-0245.183
|
| 990 |
|
|
|a BK
|
| 996 |
7 |
|
|b 2629991242
|c TK-0245.183
|l MZK
|r Sklad / do 24 hodin
|n 16
|w 000189366
|u 000010
|a 1
|e BOA001
|j MZK50
|s A
|